| LEADER 00000nam 2200000uu 4500 |
| 001 212064 |
| 003 ULIBM |
| 008 020711s2560 th a 000 0 tha d |
| 020 9786162820397
|
| 041 ^atha^beng
|
| 050 4 T58.6 ล831ร 2560
|
| 100 0 ^aเลาดอน, เคนเนธ ซี
|
| 245 ระบบสารสนเทศเพื่อการจัดการ=bManagement information system/^cKenneth C. Laudon, Jane P. Laudon ; แปลและเรียบเรียง สัลยุทธ์ สว่างวรรณ
|
| 246 31 ^aManagement information system
|
| 260 กรุงเทพฯ :^bสำนักพิมพ์ท้อป,^c2560
|
| 300 xvi,551 หน้า :^bภาพประกอบ ;^c26 ซม.
|
| 650 4 ระบบสารสนเทศเพื่อการจัดการ
|
| 650 4 ^aการจัดการทรัพยากรสารสนเทศ
|
| 700 0 ^aLaudon, Kenneth C.
|
| 700 0 ^aLaudon, Jane P.
|
| 700 0 ^aสัลยุทธ์ สว่างวรรณ,^eบรรณาธิการ
|
| 999 ^aใช้งานได้ทุกระบบ
|